| 000 | 00686nam a2200205Ii 4500 | ||
|---|---|---|---|
| 003 | JO-AjNU | ||
| 008 | 230605s9999||||xx |||||||||||||| ||und|| | ||
| 040 |
_aJO-AjNU _bara _erda _cJO-AjNU |
||
| 041 | _aara | ||
| 050 | 1 | 4 | _aJF 1358.A7.F73.1986 |
| 100 | 3 |
_aالسلوم ، يوسف إبراهيم , _eauthor _914382 |
|
| 245 | 0 | 0 | _aالنظام الإداري في المملكة العربية السعودية |
| 250 | _aط1 | ||
| 264 | 3 | 1 | _aيوسف ابراهيم السلوم ، 1986 |
| 300 | _a351ص | ||
| 336 |
_atext _btxt _2rdacontent |
||
| 337 |
_aunmediated _bn _2rdamedia |
||
| 338 |
_avolume _bnc _2rdacarrier |
||
| 650 | 4 |
_aنظام اداري -- السعودية _914383 |
|
| 999 |
_aA3822 _c7390 _d7390 |
||